[Event "Rated Blitz game"]
[Site "?"]
[Date "2021.01.11"]
[Round "?"]
[White "lellino"]
[Black "Tayota"]
[Result "0-1"]
[WhiteElo "2426"]
[BlackElo "2341"]
[PlyCount "122"]
[EventDate "2021.??.??"]
[EventType "blitz"]

1. e4 e5 2. Nf3 d5 3. exd5 e4 4. Qe2 f5 5. d3 Nf6 6. dxe4 fxe4 7. Bg5 Be7 8.
Bxf6 Bxf6 9. Qxe4+ Kf7 10. Qb4 Re8+ 11. Be2 a5 12. Qb3 a4 13. Qa3 Bf5 14. Nc3
Nd7 15. Kf1 Bxc2 16. Rc1 Bg6 17. d6 c6 18. Bc4+ Kf8 19. h4 b5 20. h5 Bf5 21.
Be2 Nb6 22. d7+ Re7 23. Qc5 Be6 24. h6 Nxd7 25. Qd6 Nb6 26. hxg7+ Kxg7 27. Qxc6
Nc4 28. Qe4 h6 29. Kg1 Bf7 30. Qg4+ Bg6 31. Bxc4 bxc4 32. Rd1 Qe8 33. Nd5 Re4
34. Nxf6 Rxg4 35. Nxe8+ Rxe8 36. Rd7+ Kg8 37. Rxh6 a3 38. bxa3 c3 39. Rc7 c2
40. Rxg6+ Rxg6 41. Rxc2 Ra8 42. Rc3 Rga6 43. g3 Rxa3 44. Rxa3 Rxa3 45. Kg2 Rxa2
46. Ne5 Kg7 47. g4 Kf6 48. Nf3 Kg6 49. Kg3 Ra3 50. Kf4 Ra2 51. Kg3 Ra3 52. Kf4
Ra4+ 53. Kg3 Re4 54. Ng1 Re1 55. f3 Rxg1+ 56. Kf4 Ra1 57. Kg3 Ra4 58. f4 Ra3+
59. Kh4 Rf3 60. f5+ Kf6 61. Kh5 Rh3# {Normal} 0-1

[Event "Rated Blitz game"]
[Site "?"]
[Date "2021.01.11"]
[Round "?"]
[White "Glig"]
[Black "gameoverbro"]
[Result "0-1"]
[WhiteElo "2408"]
[BlackElo "2470"]
[PlyCount "122"]
[EventDate "2021.??.??"]
[EventType "blitz"]

1. e4 e5 2. Nf3 d5 3. Nxe5 dxe4 4. d4 Nd7 5. Nxd7 Bxd7 6. Bc4 Bd6 7. Nc3 f5 8.
Qh5+ g6 9. Qe2 Qf6 10. Nd5 Qxd4 11. Bd2 Qxb2 12. Bc3 Bb4 13. Bxb4 Qxa1+ 14. Kd2
Qd4+ 15. Ke1 Qa1+ 16. Qd1 Qxd1+ 17. Kxd1 Nh6 18. Nxc7+ Kd8 19. Nxa8 Kc8 20. Kc1
Kb8 21. Rd1 Bc6 22. h3 Re8 23. Bd6+ Kxa8 24. Bf4 Ng8 25. Bg5 h6 26. Bf7 Rf8 27.
Be3 Ne7 28. Bxh6 Rc8 29. Bg5 Ng8 30. Kb2 a5 31. Bxg6 Rf8 32. g3 Nf6 33. Bxf5 e3
34. Bxe3 Ne4 35. Bxe4 Bxe4 36. Rd4 Bf3 37. Rf4 Rxf4 38. Bxf4 Bg2 39. h4 Bf3 40.
Be3 Kb8 41. Bb6 a4 42. Kc3 Kc8 43. Kd4 Kd7 44. Ke5 Kc6 45. Be3 b5 46. a3 b4 47.
axb4 Kb5 48. Bd4 Kxb4 49. Kf4 Kc4 50. Bg7 Bh5 51. g4 Bg6 52. h5 Bxc2 53. g5 a3
54. g6 Kd5 55. Kg5 Ke6 56. h6 a2 57. Ba1 Ke7 58. f4 Kf8 59. f5 Bb3 60. f6 Bg8
61. h7 Ke8 {Time forfeit} 0-1

[Event "Rated Blitz game"]
[Site "?"]
[Date "2021.01.11"]
[Round "?"]
[White "js20000"]
[Black "jflup"]
[Result "1-0"]
[WhiteElo "2597"]
[BlackElo "2438"]
[PlyCount "61"]
[EventDate "2021.??.??"]
[EventType "blitz"]

1. e4 e5 2. Nf3 d5 3. exd5 e4 4. Qe2 Nf6 5. Nc3 Be7 6. Nxe4 Nxd5 7. d3 O-O 8.
g3 Re8 9. Be3 f5 10. Nc3 Bb4 11. Qd2 Qf6 12. a3 Bxc3 13. bxc3 Nxc3 14. Bg2 f4
15. gxf4 Ne4 16. Qc1 Qc3+ 17. Ke2 Nf6 18. Ne5 Nc6 19. Bxc6 bxc6 20. Qd2 Qxd2+
21. Kxd2 Ng4 22. Bd4 c5 23. Nxg4 cxd4 24. Ne5 Rf8 25. Rhe1 Rxf4 26. f3 Bh3 27.
Re4 Raf8 28. Rae1 h5 29. Rxf4 Rxf4 30. Re4 Rf6 31. Rxd4 {Normal} 1-0

[Event "Rated Blitz game"]
[Site "?"]
[Date "2021.01.11"]
[Round "?"]
[White "Mightyms"]
[Black "batasjon"]
[Result "0-1"]
[WhiteElo "2400"]
[BlackElo "2369"]
[PlyCount "68"]
[EventDate "2021.??.??"]
[EventType "blitz"]

1. e4 e5 2. Nf3 d5 3. Nxe5 Bd6 4. d4 dxe4 5. Bf4 Nf6 6. Bc4 O-O 7. O-O Nc6 8.
Nxc6 bxc6 9. Be5 Re8 10. Bg3 Bxg3 11. hxg3 Rb8 12. Qc1 Qxd4 13. Bb3 Be6 14. Nc3
Bxb3 15. axb3 e3 16. Ra4 exf2+ 17. Rxf2 Qb6 18. Qf1 Re3 19. Kh2 Rbe8 20. Rxf6
gxf6 21. Qxf6 h5 22. Qg5+ Kf8 23. Qh6+ Kg8 24. Qxh5 R8e6 25. Qg5+ Kf8 26. Rh4
Rg6 27. Rh8+ Kg7 28. Qh4 Ree6 29. Rh7+ Kg8 30. Rh8+ Kg7 31. Qh7+ Kf6 32. Rd8
Qe3 33. Qh8+ Rg7 34. Rg8 Qg5 {Normal} 0-1

[Event "Rated Rapid game"]
[Site "?"]
[Date "2021.01.11"]
[Round "?"]
[White "aginis"]
[Black "vitvolrapid"]
[Result "1-0"]
[WhiteElo "2396"]
[BlackElo "2483"]
[PlyCount "129"]
[EventDate "2021.??.??"]
[EventType "rapid"]

1. e4 e5 2. Nf3 d5 3. Nxe5 dxe4 4. d4 Nd7 5. Bf4 Ngf6 6. Bc4 Nxe5 7. Bxe5 Be7
8. O-O O-O 9. c3 c6 10. Nd2 Bg4 11. Qc2 b5 12. Bb3 c5 13. dxc5 e3 14. fxe3 Be2
15. Rf2 Bd3 16. Qd1 Bxc5 17. Bd4 Bxd4 18. exd4 h5 19. Nf3 Be4 20. Ne5 Bd5 21.
Bc2 Be6 22. Qd3 Re8 23. Raf1 Bc4 24. Nxc4 bxc4 25. Qxc4 Qd6 26. Qd3 Re6 27. Bb3
Re7 28. Qg6 Kh8 29. Bxf7 Rxf7 30. Qxf7 Ng4 31. Qxh5+ Nh6 32. Rf6 Qe7 33. Rxh6+
gxh6 34. Qxh6+ Kg8 35. Qg6+ Kh8 36. h3 Qg7 37. Qh5+ Qh7 38. Qxh7+ Kxh7 39. Rf7+
Kg6 40. Rb7 a5 41. d5 Kf6 42. c4 Ke5 43. Kf2 Kd6 44. Ke3 Kc5 45. Rc7+ Kd6 46.
Rc6+ Kd7 47. Kd4 Rb8 48. b3 Rg8 49. Ra6 a4 50. Rxa4 Rxg2 51. Kc5 Ke7 52. Ra7+
Kf6 53. Kc6 Rd2 54. d6 Ke6 55. c5 Rd3 56. Re7+ Kf6 57. Re2 Rd1 58. d7 Kf7 59.
Kc7 Rxd7+ 60. Kxd7 Kf6 61. c6 Kf5 62. c7 Kf4 63. c8=Q Kf3 64. Qc4 Kg3 65. Qg4#
{Normal} 1-0

[Event "Rated Blitz game"]
[Site "?"]
[Date "2021.01.11"]
[Round "?"]
[White "GreenRanger87"]
[Black "batasjon"]
[Result "1-0"]
[WhiteElo "2495"]
[BlackElo "2391"]
[PlyCount "93"]
[EventDate "2021.??.??"]
[EventType "blitz"]

1. e4 e5 2. Nf3 d5 3. exd5 e4 4. Qe2 Nf6 5. d3 Qxd5 6. Nbd2 Nc6 7. dxe4 Qh5 8.
Qb5 Bc5 9. Nb3 Nxe4 10. Nxc5 Qxc5 11. Qxc5 Nxc5 12. Be3 Ne6 13. O-O-O h6 14.
Bc4 Bd7 15. Rhe1 O-O-O 16. Bd2 a6 17. g3 Rde8 18. Bc3 f6 19. Nh4 Ng5 20. Ng6
Rxe1 21. Rxe1 Re8 22. h4 Rxe1+ 23. Bxe1 Be6 24. Bd3 Nf7 25. Nf4 Bg4 26. Bc4
Nfe5 27. Bd5 Kd7 28. a3 Kd6 29. Be4 Bf3 30. Bf5 Bg4 31. Bh7 b5 32. Bc3 Ne7 33.
Ng2 c5 34. Ne3 Be6 35. Be4 Nd5 36. Nxd5 Bxd5 37. Bf5 Be6 38. Bh7 Bd5 39. f4 Nc4
40. Kd1 Ne3+ 41. Kd2 Ng4 42. Bf5 Be6 43. Bh7 Bd5 44. Bg6 Be6 45. Bh5 f5 46. Ke1
Nf6 47. Bg6 {Time forfeit} 1-0

[Event "Rated Blitz game"]
[Site "?"]
[Date "2021.01.11"]
[Round "?"]
[White "Valen487"]
[Black "Tayota"]
[Result "0-1"]
[WhiteElo "2421"]
[BlackElo "2363"]
[PlyCount "76"]
[EventDate "2021.??.??"]
[EventType "blitz"]

1. e4 e5 2. Nf3 d5 3. Nxe5 Qe7 4. d4 f6 5. Nd3 Nc6 6. c3 Bf5 7. Be2 Bxe4 8. O-O
Qf7 9. Nd2 Bf5 10. Nf4 Bd6 11. Re1 Nge7 12. Bg4 O-O-O 13. Bxf5+ Nxf5 14. Qg4 g6
15. Nf1 Kb8 16. Ng3 Rhe8 17. Bd2 Nce7 18. Ne6 Rc8 19. Bf4 h5 20. Qf3 Nh4 21.
Qd3 Nef5 22. Nc5 Bxf4 23. Nxb7 c6 24. Nc5 Bd6 25. b4 Bxc5 26. bxc5 Ka8 27. Reb1
Nxg3 28. hxg3 Nf5 29. Qa6 Qd7 30. Rb6 Rb8 31. Rxc6 Qb7 32. Qa4 Qb5 33. Qxb5
Rxb5 34. Rxf6 Rb2 35. Rxg6 Ree2 36. c6 Ne7 37. Rg8+ Nxg8 38. c7 Kb7 {Normal}
0-1

[Event "Rated Blitz game"]
[Site "?"]
[Date "2021.01.11"]
[Round "?"]
[White "Tartakower257"]
[Black "tactinhos2900"]
[Result "0-1"]
[WhiteElo "2376"]
[BlackElo "2518"]
[PlyCount "56"]
[EventDate "2021.??.??"]
[EventType "blitz"]

1. e4 e5 2. Nf3 d5 3. exd5 e4 4. Qe2 Be7 5. Nd4 Qxd5 6. Nb3 Nf6 7. Nc3 Qf5 8.
d3 exd3 9. Qxd3 O-O 10. Be3 Rd8 11. Qxf5 Bxf5 12. Nd4 Bg6 13. O-O-O c6 14. f3
Bc5 15. Na4 Be7 16. g4 Nbd7 17. h4 h5 18. gxh5 Nxh5 19. Rg1 Ndf6 20. Bd3 Bxd3
21. Rxd3 Nd5 22. Nf5 Bf6 23. Nc5 Nxe3 24. Rxe3 Rd5 25. Nxg7 Nxg7 26. Ne4 Bd4
27. Ree1 Bxg1 28. Rxg1 Kf8 {Normal} 0-1

[Event "1st Cappelle Online Blitz"]
[Site "Europe-Echecs INT"]
[Date "2021.01.10"]
[Round "9"]
[White "Durand, V."]
[Black "Dubois, Mart"]
[Result "1/2-1/2"]
[WhiteElo "2004"]
[BlackElo "1780"]
[PlyCount "123"]
[EventDate "2021.01.10"]
[EventType "blitz"]
[SourceTitle "The Week in Chess 1366"]
[Source "Mark Crowther"]
[SourceDate "2021.01.11"]
[SourceVersion "2"]
[SourceVersionDate "2021.01.12"]
[SourceQuality "2"]

1. e4 e5 2. Nf3 d5 3. Nxe5 Bd6 4. d4 dxe4 5. Nc4 Nf6 6. Bg5 O-O 7. Nc3 Bb4 8.
Be2 Nc6 9. O-O Qxd4 10. Bxf6 Qxd1 11. Raxd1 gxf6 12. Nxe4 Be7 13. c3 f5 14. Ng3
Be6 15. f4 Rfd8 16. Kh1 Bf6 17. a3 Kh8 18. Ne3 Bb3 19. Rxd8+ Rxd8 20. Ngxf5 Rd2
21. Bc4 Rxb2 22. Bxb3 Rxb3 23. Nd5 Bxc3 24. Nxc7 h5 25. a4 Ra3 26. Nb5 Rb3 27.
Rc1 Bd2 28. Rf1 Bxf4 29. Nbd4 Rd3 30. Nxc6 bxc6 31. h3 Bg3 32. Rc1 h4 33. Kg1
Kh7 34. Kf1 Ra3 35. Rxc6 Ra1+ 36. Ke2 Rxa4 37. Rh6+ Kg8 38. Kf3 Rf4+ 39. Ke3
Rxf5 40. Ra6 Bf2+ 41. Ke2 Re5+ 42. Kf3 Bb6 43. Ra4 Rh5 44. Kg4 Rh6 45. Rc4 Kg7
46. Kf3 Bd8 47. Kg4 Rg6+ 48. Kf3 Rg3+ 49. Kf2 Bb6+ 50. Kf1 Ra3 51. Rxh4 Ra1+
52. Ke2 Ra2+ 53. Kf3 Rf2+ 54. Kg3 Rf1 55. Rc4 Rf6 56. Kg4 Rg6+ 57. Kf3 a5 58.
Ra4 Rf6+ 59. Kg4 Rg6+ 60. Kf3 Rf6+ 61. Kg4 Rg6+ 62. Kf3 1/2-1/2

[Event "1st Cappelle Online Blitz"]
[Site "Europe-Echecs INT"]
[Date "2021.01.10"]
[Round "5"]
[White "Marchyllie, B."]
[Black "Dubois, Mart"]
[Result "1-0"]
[WhiteElo "2127"]
[BlackElo "1780"]
[PlyCount "75"]
[EventDate "2021.01.10"]
[EventType "blitz"]
[SourceTitle "The Week in Chess 1366"]
[Source "Mark Crowther"]
[SourceDate "2021.01.11"]
[SourceVersion "2"]
[SourceVersionDate "2021.01.12"]
[SourceQuality "2"]

1. e4 e5 2. Nf3 d5 3. d4 dxe4 4. Nxe5 Bd6 5. Nc4 Nf6 6. Nxd6+ Qxd6 7. Nc3 O-O
8. Be3 Bg4 9. Be2 Bxe2 10. Qxe2 Nc6 11. O-O-O Rfd8 12. Nb5 Qd7 13. c3 a6 14.
Na3 b5 15. Nc2 Nd5 16. g4 b4 17. c4 Nxe3 18. Qxe3 Na5 19. b3 Qxg4 20. Rhg1 Qf3
21. Qg5 g6 22. Qxa5 Qxf2 23. Qxc7 e3 24. Qg3 Qxg3 25. Rxg3 e2 26. Re1 Re8 27.
Kd2 f5 28. Rxe2 Rxe2+ 29. Kxe2 Re8+ 30. Re3 Rf8 31. Nxb4 f4 32. Rf3 g5 33. h3
h5 34. Nd3 g4 35. hxg4 hxg4 36. Rxf4 Rxf4 37. Nxf4 Kf7 38. Kf2 1-0

[Event "Rated Rapid game"]
[Site "?"]
[Date "2021.01.10"]
[Round "?"]
[White "Rehaahun"]
[Black "vitvolrapid"]
[Result "0-1"]
[WhiteElo "2248"]
[BlackElo "2417"]
[PlyCount "108"]
[EventDate "2021.??.??"]
[EventType "rapid"]

1. e4 e5 2. Nf3 d5 3. Nxe5 dxe4 4. d4 Nd7 5. Bf4 Ngf6 6. Bc4 Nxe5 7. Bxe5 Bd6
8. Nd2 Bf5 9. O-O O-O 10. Re1 Bxe5 11. dxe5 Ng4 12. Nxe4 Qh4 13. h3 Nxe5 14.
Bb3 Bxe4 15. g3 Nf3+ 16. Qxf3 Bxf3 17. gxh4 Rfe8 18. Kh2 Rxe1 19. Rxe1 Kf8 20.
Kg3 Bc6 21. h5 h6 22. Re5 Re8 23. Kf4 Rxe5 24. Kxe5 Ke7 25. Bd5 Bxd5 26. Kxd5
Kf6 27. c4 Kg5 28. b4 Kxh5 29. b5 Kg5 30. c5 Kf6 31. a4 Ke7 32. a5 Kd7 33. Ke5
c6 34. b6 a6 35. h4 Ke7 36. f4 g6 37. f5 h5 38. f6+ Kd7 39. Kf4 Ke6 40. Kg5 Ke5
41. Kh6 Kxf6 42. Kh7 g5 43. hxg5+ Kxg5 44. Kg7 h4 45. Kxf7 h3 46. Ke7 h2 47.
Kd7 h1=Q 48. Kc7 Qh7+ 49. Kb8 Kf6 50. Ka8 Ke6 51. Kb8 Kd5 52. Ka8 Kxc5 53. Ka7
Kb5 54. Kb8 Kxa5 {Normal} 0-1

[Event "Rated Blitz game"]
[Site "?"]
[Date "2021.01.10"]
[Round "?"]
[White "SpeedMonkey"]
[Black "kassisov"]
[Result "1-0"]
[WhiteElo "2487"]
[BlackElo "2397"]
[PlyCount "41"]
[EventDate "2021.??.??"]
[EventType "blitz"]

1. e4 e5 2. Nf3 d5 3. exd5 e4 4. Qe2 Nf6 5. d3 Bb4+ 6. c3 O-O 7. dxe4 Bc5 8.
Bg5 Re8 9. Nbd2 h6 10. Bxf6 Qxf6 11. O-O-O c6 12. e5 Qf4 13. Qc4 Qxc4 14. Bxc4
cxd5 15. Bxd5 Bxf2 16. Rhf1 Be3 17. Rde1 Bxd2+ 18. Nxd2 Nc6 19. Bxf7+ Kf8 20.
Bxe8+ Kxe8 21. Nc4 {Normal} 1-0

[Event "Rated Blitz tournament x00Uitl9"]
[Site "?"]
[Date "2021.01.10"]
[Round "?"]
[White "emptybrain"]
[Black "Jlgg50972"]
[Result "0-1"]
[WhiteElo "2420"]
[BlackElo "2431"]
[PlyCount "106"]
[EventDate "2021.??.??"]
[EventType "blitz"]

1. e4 e5 2. Nf3 d5 3. exd5 e4 4. Qe2 Be7 5. Qxe4 Nf6 6. Qa4+ c6 7. d4 O-O 8.
Bd3 cxd5 9. O-O Nc6 10. c3 h6 11. Bf4 Nh5 12. Be3 f5 13. Na3 f4 14. Bd2 Bg4 15.
Be2 g5 16. h3 Be6 17. Rfe1 Nf6 18. Bd3 Qd7 19. Ne5 Nxe5 20. Qxd7 Nfxd7 21. dxe5
Bxa3 22. bxa3 Nc5 23. Bc2 Rfd8 24. Reb1 Rac8 25. f3 b6 26. Be1 d4 27. cxd4 Rxd4
28. Rd1 Rxd1 29. Rxd1 Bxa2 30. Rd6 Be6 31. Bf2 Kf7 32. h4 Nb7 33. Rd2 Na5 34.
Be4 Nc4 35. Rd3 Nxe5 36. Rd1 Nc4 37. hxg5 hxg5 38. a4 Kf6 39. g3 Ne3 40. Re1
Rc4 41. gxf4 gxf4 42. Bh4+ Ke5 43. Bg5 Rxa4 44. Bh6 Bf5 45. Bg7+ Ke6 46. Bb7 b5
47. Bh6 Rd4 48. Bxf4 Rxf4 49. Rxe3+ Kd6 50. Kf2 b4 51. Kg3 Rd4 52. Rb3 a5 53.
Rb2 a4 {Normal} 0-1

[Event "Rated Blitz tournament S5V0YLTM"]
[Site "?"]
[Date "2021.01.10"]
[Round "?"]
[White "pradas2056"]
[Black "Maltinho"]
[Result "0-1"]
[WhiteElo "2291"]
[BlackElo "2519"]
[PlyCount "94"]
[EventDate "2021.??.??"]
[EventType "blitz"]

1. e4 e5 2. Nf3 d5 3. Nxe5 Bd6 4. Nxf7 Kxf7 5. Qh5+ g6 6. Qxd5+ Kg7 7. b3 Qf6
8. Nc3 Ne7 9. Qd3 Rf8 10. f3 Nbc6 11. Bb2 Nb4 12. Qe2 Nxc2+ 13. Kd1 Nxa1 14.
Bxa1 Be5 15. Kc2 c5 16. Bb2 Be6 17. Qb5 b6 18. Be2 Rfd8 19. g3 Kg8 20. f4 Bd4
21. Rf1 Bf7 22. g4 Nc6 23. g5 Nb4+ 24. Kb1 Qc6 25. h4 a6 26. Qxc6 Nxc6 27. f5
b5 28. d3 Ne5 29. Kc2 Rac8 30. Nd1 Bxb2 31. Nxb2 c4 32. dxc4 bxc4 33. bxc4 Nxc4
34. Nxc4 Bxc4 35. Bxc4+ Rxc4+ 36. Kb3 Rxe4 37. fxg6 hxg6 38. Rf6 Rd3+ 39. Kc2
Rh3 40. Rxg6+ Kf7 41. Rf6+ Ke7 42. Rxa6 Re2+ 43. Kd1 Rg2 44. Ra7+ Kd6 45. Ra6+
Kc7 46. Re6 Rh1+ 47. Re1 Rxh4 {Normal} 0-1

[Event "Rated Blitz game"]
[Site "?"]
[Date "2021.01.10"]
[Round "?"]
[White "rafachesss1977"]
[Black "ahoramahora"]
[Result "1-0"]
[WhiteElo "2417"]
[BlackElo "2326"]
[PlyCount "53"]
[EventDate "2021.??.??"]
[EventType "blitz"]

1. e4 e5 2. Nf3 d5 3. Nxe5 Bd6 4. Nxf7 Kxf7 5. e5 Bc5 6. d4 Bb6 7. Nc3 Nc6 8.
Be3 Qf8 9. Nxd5 Be6 10. Bc4 Nge7 11. Qh5+ g6 12. Qf3+ Kg7 13. Qf6+ Qxf6 14.
exf6+ Kf7 15. Nxb6 axb6 16. Bxe6+ Kxe6 17. fxe7 Kxe7 18. O-O Kd7 19. a3 Na5 20.
b3 b5 21. Rfe1 Rae8 22. d5 Rhf8 23. Bd2 Ra8 24. Bb4 Rf7 25. Re4 b6 26. Rae1 Nb7
27. Re7+ {Normal} 1-0

[Event "Rated Blitz game"]
[Site "?"]
[Date "2021.01.10"]
[Round "?"]
[White "elchechereche"]
[Black "Jomajo"]
[Result "0-1"]
[WhiteElo "2471"]
[BlackElo "2536"]
[PlyCount "150"]
[EventDate "2021.??.??"]
[EventType "blitz"]

1. e4 e5 2. Nf3 d5 3. exd5 e4 4. Ne5 Qxd5 5. d4 exd3 6. Nxd3 Nc6 7. Nc3 Qa5 8.
Be2 Nf6 9. O-O Bd6 10. Bf3 O-O 11. Re1 Rd8 12. Bd2 Qf5 13. Ne4 Nd4 14. Nxd6
Nxf3+ 15. Qxf3 Qxf3 16. gxf3 cxd6 17. Re7 Kf8 18. Rae1 Nd5 19. R7e2 Bf5 20. Nf4
Nxf4 21. Bxf4 Be6 22. a3 Rac8 23. c3 a6 24. Rd2 Ke7 25. Bg5+ f6 26. Rde2 fxg5
27. Rxe6+ Kf8 28. Rd1 Rc6 29. Rd5 h6 30. Kg2 Kf7 31. Re4 Rd7 32. Kg3 Rc5 33.
Rd2 Rf5 34. c4 Rf6 35. b4 Rc7 36. Red4 Rc6 37. h3 Ke7 38. Re2+ Kd7 39. c5 b6
40. cxb6 Rxb6 41. Rde4 Rf7 42. Rc2 Rb5 43. f4 Rbf5 44. Rcc4 d5 45. Rcd4 Kc6 46.
Re6+ Kd7 47. Re5 gxf4+ 48. Rxf4 Rxf4 49. Rxd5+ Kc6 50. Ra5 Kb6 51. Re5 Rf3+ 52.
Kg4 Rxa3 53. f4 Rd3 54. Re6+ Kb7 55. Re4 Rd6 56. h4 Rg6+ 57. Kf3 Rgf6 58. Kg4
Kb6 59. h5 Kb5 60. Re5+ Kxb4 61. Re4+ Kb3 62. Re5 Kb4 63. Re4+ Kc5 64. Re5+ Kd6
65. Ra5 Rxf4+ 66. Kg3 Rf3+ 67. Kg4 R3f5 68. Rxa6+ Kd5 69. Ra5+ Ke4 70. Ra4+ Kd3
71. Ra3+ Kc4 72. Ra4+ Kb3 73. Re4 Rg5+ 74. Kh4 Rf1 75. Re3+ Kc4 {Time forfeit}
0-1

[Event "Rated Blitz game"]
[Site "?"]
[Date "2021.01.10"]
[Round "?"]
[White "SpeedMonkey"]
[Black "zZzAzZz"]
[Result "1-0"]
[WhiteElo "2482"]
[BlackElo "2383"]
[PlyCount "63"]
[EventDate "2021.??.??"]
[EventType "blitz"]

1. e4 e5 2. Nf3 d5 3. exd5 e4 4. Qe2 Nf6 5. d3 Qxd5 6. Nbd2 Be6 7. dxe4 Qh5 8.
Qb5+ Qxb5 9. Bxb5+ c6 10. Ba4 Nbd7 11. Bb3 Bg4 12. h3 Bh5 13. O-O O-O-O 14. Re1
Bc5 15. Nf1 Rhe8 16. Ng3 Bg6 17. e5 Nd5 18. Bxd5 cxd5 19. c3 h6 20. Be3 b6 21.
Bxc5 bxc5 22. Rad1 Nb6 23. Nh4 Bh7 24. Nhf5 Rg8 25. Nd6+ Kc7 26. Nxf7 Rde8 27.
Nd6 Re6 28. f4 g6 29. c4 d4 30. Nge4 Rf8 31. Nxc5 Re7 32. Rxd4 {Normal} 1-0

[Event "Rated Blitz tournament S5V0YLTM"]
[Site "?"]
[Date "2021.01.10"]
[Round "?"]
[White "ArkadijNaiditsch"]
[Black "Jlgg50972"]
[Result "1-0"]
[WhiteElo "2695"]
[BlackElo "2422"]
[PlyCount "63"]
[EventDate "2021.??.??"]
[EventType "blitz"]

1. e4 e5 2. Nf3 d5 3. d4 dxe4 4. Nxe5 Bd6 5. Nc4 Nf6 6. Be2 Nc6 7. c3 O-O 8. g4
Nd5 9. h4 f5 10. Bg5 Be7 11. Nbd2 Bxg5 12. hxg5 Qxg5 13. Qb3 Be6 14. Qxb7 Nce7
15. Qa6 c6 16. gxf5 Rxf5 17. O-O-O Rxf2 18. Rh5 Qg2 19. Bf1 Qg6 20. Re5 Raf8
21. Re1 Bf5 22. Qxa7 Qf6 23. Be2 e3 24. Nxe3 Nxe3 25. Rxe3 Nd5 26. Re5 Bg6 27.
Qd7 Nf4 28. Bc4+ Kh8 29. Qe7 Qxe7 30. Rxe7 Nd3+ 31. Bxd3 Be4 32. R7xe4 {Normal}
1-0

[Event "Rated Blitz tournament S5V0YLTM"]
[Site "?"]
[Date "2021.01.10"]
[Round "?"]
[White "madcap_tr"]
[Black "Maltinho"]
[Result "0-1"]
[WhiteElo "2289"]
[BlackElo "2525"]
[PlyCount "36"]
[EventDate "2021.??.??"]
[EventType "blitz"]

1. e4 e5 2. Nf3 d5 3. Nxe5 Bd6 4. d4 dxe4 5. Nc3 Bxe5 6. dxe5 Qxd1+ 7. Nxd1 Nc6
8. Bf4 Nge7 9. Nc3 Ng6 10. Bg3 h5 11. h4 Ncxe5 12. Bxe5 Nxe5 13. Nxe4 Bf5 14.
f3 Bxe4 15. fxe4 O-O-O 16. Be2 Rd4 17. Bf3 Rhd8 18. Rd1 Nxf3+ {Normal} 0-1

[Event "Rated Blitz game"]
[Site "?"]
[Date "2021.01.10"]
[Round "?"]
[White "Tandilensis"]
[Black "drdumbo"]
[Result "0-1"]
[WhiteElo "2471"]
[BlackElo "2513"]
[PlyCount "44"]
[EventDate "2021.??.??"]
[EventType "blitz"]

1. e4 e5 2. Nf3 d5 3. exd5 Bd6 4. d4 e4 5. Qe2 Nf6 6. Bg5 O-O 7. Nfd2 Re8 8. c4
Bb4 9. Nc3 h6 10. Bh4 g5 11. Bg3 c6 12. h4 cxd5 13. hxg5 Ng4 14. O-O-O Bxc3 15.
bxc3 Qxg5 16. Kc2 e3 17. Nf3 Bf5+ 18. Kb2 Qf6 19. Ne5 Nxe5 20. Bxe5 Qb6+ 21.
Ka1 Nd7 22. Rb1 Qxb1# {Normal} 0-1

[Event "Rated Blitz game"]
[Site "?"]
[Date "2021.01.10"]
[Round "?"]
[White "gpkal"]
[Black "KinzyabulatovRenat"]
[Result "1-0"]
[WhiteElo "2436"]
[BlackElo "2367"]
[PlyCount "43"]
[EventDate "2021.??.??"]
[EventType "blitz"]

1. e4 e5 2. Nf3 d5 3. Nxe5 Bd6 4. Ng4 dxe4 5. Nc3 f5 6. Ne3 Nf6 7. Bc4 Nc6 8.
a3 Ne5 9. Bb3 Bd7 10. O-O Nfg4 11. d4 exd3 12. Nxg4 Nxg4 13. Re1+ Kf8 14. h3
Qh4 15. Qf3 Nxf2 16. Qxf2 Bg3 17. Qc5+ Bd6 18. Be3 Qg3 19. Qd5 Qh2+ 20. Kf1 Be8
21. Bf2 Bg6 22. cxd3 {Time forfeit} 1-0

[Event "Rated Blitz game"]
[Site "?"]
[Date "2021.01.10"]
[Round "?"]
[White "Theon_555"]
[Black "Jomajo"]
[Result "1-0"]
[WhiteElo "2458"]
[BlackElo "2539"]
[PlyCount "37"]
[EventDate "2021.??.??"]
[EventType "blitz"]

1. e4 e5 2. Nf3 d5 3. d4 dxe4 4. Nxe5 Bd6 5. Nc4 Nf6 6. Nxd6+ Qxd6 7. Be2 O-O
8. O-O Nc6 9. c3 Nd5 10. Na3 f5 11. Bc4 Kh8 12. Nb5 Qd8 13. Bxd5 Qxd5 14. Nxc7
Qd6 15. Nxa8 Be6 16. Qh5 Rxa8 17. Qh4 Ne7 18. Bf4 Qb6 19. Qxe7 {Normal} 1-0

[Event "Rated Blitz game"]
[Site "?"]
[Date "2021.01.10"]
[Round "?"]
[White "DrawDenied_Twitch"]
[Black "Jomajo"]
[Result "0-1"]
[WhiteElo "2706"]
[BlackElo "2569"]
[PlyCount "142"]
[EventDate "2021.??.??"]
[EventType "blitz"]

1. e4 e5 2. Nf3 d5 3. exd5 e4 4. Qe2 Qe7 5. Nd4 Qe5 6. Nb5 a6 7. d4 Qe7 8. N5c3
f5 9. f3 exf3 10. gxf3 Nf6 11. Bg5 Nbd7 12. Nd2 Qxe2+ 13. Bxe2 Bb4 14. O-O-O
Bxc3 15. bxc3 Nxd5 16. c4 Nc3 17. Rde1 O-O 18. Kb2 Nxe2 19. Rxe2 b5 20. Rg1 Nb6
21. Bh6 g6 22. Bxf8 Kxf8 23. c5 Nd5 24. c4 bxc4 25. Nxc4 Bd7 26. Ne5 Bb5 27.
Rd2 Kg7 28. h4 Kf6 29. Kb3 Rb8 30. a4 Be8+ 31. Ka3 Nc3 32. c6 Nb1+ 33. Rxb1
Rxb1 34. f4 Ke7 35. d5 Rc1 36. Kb4 Kd6 37. Nc4+ Ke7 38. Kc5 Bf7 39. Re2+ Kd8
40. a5 Rc3 41. Rb2 Kc8 42. Re2 Kd8 43. Re1 Rc2 44. Re3 Rc1 45. Re2 h6 46. Re3
Rc2 47. Re1 Rc3 48. Kd4 Rc2 49. Ne5 Be8 50. Rg1 Rd2+ 51. Kc4 Rc2+ 52. Kd3 Ra2
53. h5 Ra3+ 54. Kd4 gxh5 55. Rg7 Ra4+ 56. Kc5 Rxa5+ 57. Kd4 Ra4+ 58. Nc4 h4 59.
Rh7 h3 60. Rxh6 Ra1 61. Rh7 Rd1+ 62. Kc5 Rc1 63. d6 cxd6+ 64. Kxd6 Rxc4 65. c7+
Kc8 66. Rh8 Kb7 67. Ke7 Rxc7+ 68. Kf6 Bc6 69. Kg5 a5 70. Rxh3 Rd7 71. Rh7 Rxh7
{Time forfeit} 0-1

[Event "Rated Blitz game"]
[Site "?"]
[Date "2021.01.10"]
[Round "?"]
[White "Metra93"]
[Black "pasha1984"]
[Result "1-0"]
[WhiteElo "2502"]
[BlackElo "2387"]
[PlyCount "89"]
[EventDate "2021.??.??"]
[EventType "blitz"]

1. e4 e5 2. Nf3 d5 3. Nxe5 dxe4 4. Bc4 Qg5 5. d4 Qxg2 6. Rf1 Be6 7. Bxe6 fxe6
8. Nc3 Nf6 9. Bf4 Bd6 10. Qe2 Nbd7 11. O-O-O O-O 12. Rg1 Qh3 13. Kb1 Nd5 14.
Nxd5 exd5 15. Rg3 Qe6 16. Rdg1 Rxf4 17. Rxg7+ Kh8 18. Nxd7 Rf7 19. Rxf7 Qxf7
20. Ne5 Bxe5 21. dxe5 Rg8 22. Rd1 Rg5 23. Qb5 c6 24. Qc5 Rxe5 25. Qxa7 Re8 26.
a4 Rf8 27. a5 Qf3 28. Rc1 Rf7 29. Qb8+ Kg7 30. Rg1+ Kh6 31. Qd6+ Rf6 32. Qe7
Rg6 33. Rxg6+ hxg6 34. Qxb7 Qd1+ 35. Ka2 Qxc2 36. Ka3 Qc5+ 37. Qb4 Qxf2 38. a6
e3 39. a7 e2 40. a8=Q e1=Q 41. Qh8+ Kg5 42. h4+ Kf5 43. Qhf8+ Ke5 44. Qfe7+ Kf5
45. Qexe1 {Normal} 1-0

[Event "Rated Blitz game"]
[Site "?"]
[Date "2021.01.10"]
[Round "?"]
[White "yaguigor"]
[Black "Herabi"]
[Result "1-0"]
[WhiteElo "2466"]
[BlackElo "2402"]
[PlyCount "53"]
[EventDate "2021.??.??"]
[EventType "blitz"]

1. e4 e5 2. Nf3 d5 3. exd5 e4 4. Qe2 Nf6 5. d3 Qxd5 6. Nc3 Bb4 7. Bd2 Bxc3 8.
Bxc3 O-O 9. dxe4 Nxe4 10. Rd1 Nxc3 11. Rxd5 Nxe2 12. Bxe2 Be6 13. Rd1 Nc6 14.
a3 Rfe8 15. O-O Rad8 16. Bb5 Bg4 17. Bxc6 bxc6 18. Rxd8 Rxd8 19. Ne5 Be6 20.
Nxc6 Rd2 21. Rc1 a6 22. a4 h5 23. a5 Bf5 24. Nb4 Bc8 25. Kf1 c5 26. Nd3 c4 27.
Ke1 {Normal} 1-0

[Event "Rated Blitz tournament Th9XSkDO"]
[Site "?"]
[Date "2021.01.10"]
[Round "?"]
[White "hAMBURGoSLO2018"]
[Black "DARIO31CSKA"]
[Result "0-1"]
[WhiteElo "2657"]
[BlackElo "2375"]
[PlyCount "84"]
[EventDate "2021.??.??"]
[EventType "blitz"]

1. e4 e5 2. Nf3 d5 3. Nxe5 Bd6 4. d4 dxe4 5. Nc4 Nf6 6. Nc3 O-O 7. Be2 Nc6 8.
O-O Nxd4 9. Bg5 Bf5 10. Kh1 Bc5 11. Ne3 h6 12. Nxf5 Nxf5 13. Bxf6 Qxf6 14. Nxe4
Qc6 15. Nxc5 Qxc5 16. Bd3 Nd6 17. Qf3 Rfe8 18. Rfd1 Rad8 19. a3 Qe5 20. Rab1
Re6 21. Kg1 Rf6 22. Qg3 Qxg3 23. hxg3 Re8 24. f3 h5 25. Kf2 g6 26. Re1 Rfe6 27.
Rxe6 Rxe6 28. b4 Kg7 29. Rb3 Re5 30. Rc3 c6 31. Rb3 Kf6 32. c4 g5 33. c5 Nf5
34. Be4 h4 35. gxh4 gxh4 36. Rd3 Ng3 37. Ke3 Nxe4 38. fxe4 Rg5 39. Rd7 Rxg2 40.
Rxb7 h3 41. Rb8 Kg7 42. Kf3 Rg6 {Normal} 0-1